شميم سخن (Record no. 167644)

MARC details
000 -LEADER
fixed length control field 00616nam a22001937a 4500
005 - DATE AND TIME OF LATEST TRANSACTION
control field 20190916113602.0
010 ## - LCCN (DPL NO)
LC control number UR-10459
020 ## - INTERNATIONAL STANDARD BOOK NUMBER
Terms of availability 150.00
International Standard Book Number 9789380182407
035 ## - SYSTEM CONTROL NUMBER
System control number U-9014
037 ## - SOURCE OF ACQUISITION
Source of stock number/acquisition DBAD/PUB
Stock number -
082 ## - DEWEY DECIMAL CLASSIFICATION NUMBER
Classification number 841
100 ## - MAIN ENTRY--PERSONAL NAME
Personal name عظيم ا مر و ہو ی
245 ## - TITLE STATEMENT
Title شميم سخن
Statement of responsibility, etc عظيم ا مر و ہو ی
246 ## - VARYING FORM OF TITLE
Remainder of title Shameem Sukhan Urdu)
Title proper/short title by Azeem Amrohvi
260 ## - PUBLICATION, DISTRIBUTION, ETC. (IMPRINT)
Place of publication, distribution, etc Delhi
Name of publisher, distributor, etc Takhleeqkar Publishers
Date of publication, distribution, etc 2011 ء
270 ## - ADDRESS
Address 205/6,J-Extension,Laxmi Nagar ,
City Delhi
Postal code 110092
Telephone number 011-22442572
Fax number -
300 ## - PHYSICAL DESCRIPTION
Extent 196 ص
Dimensions 22 Cm(Hb)
942 ## - ADDED ENTRY ELEMENTS (KOHA)
Source of classification or shelving scheme Dewey Decimal Classification
Item type Urdu Bks
Classification part 841
Call number suffix ش م ی
Holdings
Withdrawn status Lost status Not for loan Collection code Home library Current library Date acquired Source of acquisition Cost, normal purchase price Full call number Barcode Copy number Cost, replacement price Koha item type
      Non-fiction Central Library Central Library 16/09/2019 DBAD/PUB 150.00 841 ش م ی U-9014 1 150.00 Urdu Bks

© Delhi Public Library
Hit Counter
free hit counter